01380nam a2200193Ia 45000010005000000080041000050200018000462450037000642600051001013000020001525200712001725460011008846500054008957100029009499420007009789990015009859520096010009520090010966577260622s9999 xx 000 0 und d a9783902374134 0aNO-ISBN عن نشر الذاتي bKayfa Ta كيف ت؛ Salon fur Kunstbuchc2020 a415p; c19x12cm aPublished in German in 2015, in English in 2017. Text: Bernhard Cella, Leo Findeisen, Agnes Blaha, translation: Wael Ashari. NO-ISBN – On Self-publishing investigates extraordinary books that withdraw from the international book trade. A register contains 1,800 items that have three features in common: they are recent, printed on paper, and circulate without an ISBN. It provides an outline of media history from 15th century book printing to the present time, a schedule of micro- and fanzine fairs from four continents and manifestos of historical and current avant-gardes. They are interspersed with texts about the international boom of artists´ books, written by protagonists of self-publishing. aArabic aN81-390 Visual Arts- Study and teaching. Research aKayfa Ta كيف ت95941 cBK c6577d6577 001040708NaSAFLbSAFLd2026-06-22l0oN81-390 110.855p6577r2026-06-22w2026-06-22yBK 001040708NaSAFLbSAFLd2026-06-22l0oN81-390 110.855r2026-06-22w2026-06-22yBK